| 000 | 00499nam a2200181 a 4500 | ||
|---|---|---|---|
| 005 | 20210223120411.0 | ||
| 008 | 991125s1972 ag 000 0 spa u | ||
| 035 | _aUPN01000000236 | ||
| 049 | _aCG | ||
| 050 | 4 |
_aJC375 _bB7.3 |
|
| 100 | 1 | _aBrunetto Paladino, Guido | |
| 245 | 1 | 3 |
_aEl absolutismo / _cGuido Brunetto Paladino. |
| 260 |
_aBuenos Aires : _bKapelusz, _c1972. |
||
| 300 | _a78 p. | ||
| 440 | 0 |
_aCuadernos de estudio. _pHistoria universal ; _v21 |
|
| 650 | 4 |
_aDESPOTISMO _965 |
|
| 905 | _aLibro | ||
| 999 |
_c236 _d236 |
||